[Event "FBL 1"]
[Site "Deutschland"]
[Date "2012.10.06"]
[Round "1.3"]
[White "Girya, Olga"]
[Black "Madl, Ildiko"]
[Result "1-0"]
[WhiteElo "2440"]
[BlackElo "2329"]
[PlyCount "115"]
[EventDate "2012.10.06"]
[WhiteTeam "SC Bad Koenigshofen 1957"]
[BlackTeam "USV Volksbank Halle"]
[WhiteTeamCountry "GER"]
[BlackTeamCountry "GER"]

1. d4 d5 2. Nf3 Nf6 3. c4 c6 4. Nc3 Qb6 5. Qc2 Bg4 6. Na4 Qd8 7. Ne5 e6 8. cxd5
Bb4+ 9. Nc3 Bf5 10. Qb3 Nxd5 11. a3 Bxc3+ 12. bxc3 Qb6 13. Qxb6 Nxb6 14. e3
N8d7 15. Nxd7 Nxd7 16. f3 e5 17. e4 Be6 18. Rb1 O-O-O 19. Be3 f6 20. Be2 Kc7
21. dxe5 fxe5 22. O-O b5 23. Rfd1 Nb6 24. f4 Nc4 25. Bxc4 Bxc4 26. fxe5 Bd3 27.
Rbc1 Bxe4 28. Bxa7 Rxd1+ 29. Rxd1 Bd5 30. Bc5 Ra8 31. Rf1 Ra4 32. Bb4 c5 33.
Bxc5 Re4 34. Bd6+ Kd7 35. Rd1 Ke6 36. Rd3 Re2 37. Rg3 g6 38. h4 Rc2 39. Kh2 Be4
40. Rg4 Bd5 41. Rg3 Be4 42. Rg4 Bd5 43. h5 gxh5 44. Rg7 Kf5 45. Kh3 Rxc3+ 46.
Kh4 Rc2 47. Rg5+ Ke6 48. Rxh5 Rxg2 49. Rh6+ Rg6 50. Rxh7 Kf5 51. Rh5+ Ke6 52.
Rh8 Rg7 53. Rh6+ Kf5 54. Rf6+ Ke4 55. e6 Bc6 56. e7 Kd5 57. Bb4 Rg8 58. Rf8 1-0

[Event "FBL 1"]
[Site "Deutschland"]
[Date "2012.10.06"]
[Round "1.4"]
[White "Melamed, Tetyana"]
[Black "Savina, Anastasia"]
[Result "1/2-1/2"]
[WhiteElo "2353"]
[BlackElo "2303"]
[PlyCount "27"]
[EventDate "2012.10.06"]
[WhiteTeam "USV Volksbank Halle"]
[BlackTeam "SC Bad Koenigshofen 1957"]
[WhiteTeamCountry "GER"]
[BlackTeamCountry "GER"]

1. e4 c5 2. Nf3 Nc6 3. Bb5 Nf6 4. e5 Nd5 5. O-O Nc7 6. Bxc6 dxc6 7. Nc3 Bf5 8.
d3 h6 9. Be3 e6 10. Ne4 Nd5 11. Bc1 Bxe4 12. dxe4 Nb6 13. Qe2 Qc7 14. b3
1/2-1/2

[Event "FBL 1"]
[Site "Deutschland"]
[Date "2012.10.06"]
[Round "1.5"]
[White "L Ami, Alina"]
[Black "Sharevich, Anna"]
[Result "1/2-1/2"]
[WhiteElo "2380"]
[BlackElo "2261"]
[PlyCount "141"]
[EventDate "2012.10.06"]
[WhiteTeam "SC Bad Koenigshofen 1957"]
[BlackTeam "USV Volksbank Halle"]
[WhiteTeamCountry "GER"]
[BlackTeamCountry "GER"]

1. d4 d5 2. c4 e6 3. Nc3 Be7 4. Nf3 Nf6 5. Bg5 h6 6. Bh4 O-O 7. e3 b6 8. Bxf6
Bxf6 9. cxd5 exd5 10. b4 c6 11. Rc1 Be6 12. Na4 Qd6 13. a3 Nd7 14. Bd3 a5 15.
b5 c5 16. O-O c4 17. Bc2 Qxa3 18. e4 dxe4 19. Bxe4 Rad8 20. Qc2 Be7 21. d5 Bg4
22. Nd4 Bf6 23. Nc6 Rde8 24. Rfe1 c3 25. h3 Bh5 26. Bf5 Bg6 27. Bxg6 fxg6 28.
Rxe8 Rxe8 29. Nxc3 Bxc3 30. Qxc3 Qxc3 31. Rxc3 Re1+ 32. Kh2 Rd1 33. Re3 Nf6 34.
Re6 Nxd5 35. Rd6 Nc3 36. Rxd1 Nxd1 37. Nxa5 Nxf2 38. Nc4 Ne4 39. Nxb6 Nd6 40.
Nd7 Nxb5 41. Ne5 g5 42. Kg3 Nd4 43. Kg4 Kh7 44. h4 gxh4 45. Kxh4 Ne6 46. Kg4 g6
47. Nd7 h5+ 48. Kh3 g5 49. Ne5 Nf4+ 50. Kg3 Kg7 51. Kf3 Kf6 52. Nc4 Ng6 53. Nd6
Nh4+ 54. Kf2 Kg6 55. Nc4 Kf5 56. Nd6+ Ke5 57. Nf7+ Kf6 58. Nd6 Nf5 59. Ne4+ Kg6
60. Kf3 Nd4+ 61. Ke3 Ne6 62. Kf3 Nf8 63. Nc5 Nh7 64. Ne4 Nf6 65. Nd6 h4 66. Nc4
Kh5 67. Ne3 g4+ 68. Kf4 g3 69. Nf1 Nd5+ 70. Kf3 Kg5 71. Nxg3 1/2-1/2

[Event "FBL 1"]
[Site "Deutschland"]
[Date "2012.10.06"]
[Round "1.6"]
[White "Jahn, Constanze"]
[Black "Schoene, Maria"]
[Result "1/2-1/2"]
[WhiteElo "2130"]
[BlackElo "2190"]
[PlyCount "92"]
[EventDate "2012.10.06"]
[WhiteTeam "USV Volksbank Halle"]
[BlackTeam "SC Bad Koenigshofen 1957"]
[WhiteTeamCountry "GER"]
[BlackTeamCountry "GER"]

1. e4 d6 2. d4 Nf6 3. Nc3 g6 4. f4 Bg7 5. a3 O-O 6. Nf3 c5 7. dxc5 dxc5 8. Qxd8
Rxd8 9. e5 Ng4 10. h3 Nh6 11. Be3 b6 12. Bc4 Bb7 13. O-O Nf5 14. Rae1 Nc6 15.
Ng5 e6 16. Bc1 Na5 17. Bd3 Ng3 18. Rf2 c4 19. Be4 h6 20. Bxb7 Nxb7 21. Nge4
Nxe4 22. Nxe4 Rd4 23. Bd2 Rad8 24. Bc3 Rd1 25. Rxd1 Rxd1+ 26. Rf1 Rd8 27. Kf2
Bf8 28. Ke2 Nc5 29. Nxc5 Bxc5 30. g4 Rd5 31. Rd1 Rxd1 32. Kxd1 Be3 33. Bd2 Bd4
34. c3 Bc5 35. Ke2 h5 36. Be3 hxg4 37. hxg4 Kf8 38. Bxc5+ bxc5 39. Ke3 Ke7 40.
Ke4 Kd7 41. Ke3 Kc7 42. g5 Kb6 43. Ke2 Kc6 44. Ke3 Kd5 45. Kf3 a6 46. Ke3 Kc6
1/2-1/2

[Event "FBL 1"]
[Site "Deutschland"]
[Date "2012.10.06"]
[Round "1.1"]
[White "Wirths, Clara"]
[Black "Doluhanova, Evgeniya"]
[Result "0-1"]
[WhiteElo "2022"]
[BlackElo "2247"]
[PlyCount "104"]
[EventDate "2012.10.06"]
[WhiteTeam "Schachverein Wattenscheid 1930"]
[BlackTeam "SV Chemie Guben 1990"]
[WhiteTeamCountry "GER"]
[BlackTeamCountry "GER"]

1. e4 c5 2. Nf3 d6 3. d4 cxd4 4. Nxd4 Nf6 5. Nc3 a6 6. Bg5 e6 7. f4 h6 8. Bh4
Qb6 9. Qd2 Qxb2 10. Rb1 Qa3 11. e5 dxe5 12. fxe5 Nd5 13. Nxd5 exd5 14. e6 Bxe6
15. Nxe6 fxe6 16. Bd3 Be7 17. Bg6+ Kd8 18. Bxe7+ Qxe7 19. O-O Qc5+ 20. Kh1 Nd7
21. Rxb7 Ra7 22. Rxa7 Qxa7 23. Re1 Rf8 24. Qe2 Rf6 25. Bd3 e5 26. c4 Qd4 27.
cxd5 Rf2 28. Qd1 Qxd5 29. Be4 Qxd1 30. Rxd1 Ke7 31. Bd5 Nf6 32. Bc4 Ng4 33. Re1
Rc2 34. Bxa6 Rxa2 35. Be2 Ne3 36. Bf3 Nc2 37. Rxe5+ Kf6 38. Rd5 Ne3 39. Kg1
Nxd5 40. Bxd5 Rd2 41. Bf3 Ke5 42. h3 Kf4 43. Kh2 Rb2 44. Bh5 Kg5 45. Bf3 Kh4
46. Be4 h5 47. Bg6 Rd2 48. Bf5 g5 49. Be6 g4 50. hxg4 hxg4 51. Kg1 Kg3 52. Kf1
Rf2+ 0-1

[Event "FBL 1"]
[Site "Deutschland"]
[Date "2012.10.06"]
[Round "1.3"]
[White "Goihl, Mona"]
[Black "Sikorska, Agata"]
[Result "0-1"]
[WhiteElo "2095"]
[BlackElo "2110"]
[PlyCount "50"]
[EventDate "2012.10.06"]
[WhiteTeam "Schachverein Wattenscheid 1930"]
[BlackTeam "SV Chemie Guben 1990"]
[WhiteTeamCountry "GER"]
[BlackTeamCountry "GER"]

1. e4 c5 2. Nc3 Nc6 3. Bb5 e6 4. f4 d5 5. d3 Nge7 6. exd5 exd5 7. Nf3 g6 8. O-O
Bg7 9. Qe1 O-O 10. Bxc6 Nxc6 11. Kh1 Re8 12. Qf2 b6 13. Ne2 Nb4 14. Ng3 f5 15.
a3 Nc6 16. Ne2 Bb7 17. Re1 Qf6 18. Nc3 Nd4 19. Nxd4 Rxe1+ 20. Qxe1 cxd4 21. Nb5
Qc6 22. a4 Re8 23. Qg1 Re2 24. b3 a6 25. Na3 Qc3 0-1

[Event "FBL 1"]
[Site "Deutschland"]
[Date "2012.10.06"]
[Round "1.4"]
[White "Wisniowska, Klaudia"]
[Black "Solberg, Kirsten"]
[Result "1-0"]
[WhiteElo "2187"]
[BlackElo "2002"]
[PlyCount "61"]
[EventDate "2012.10.06"]
[WhiteTeam "SV Chemie Guben 1990"]
[BlackTeam "Schachverein Wattenscheid 1930"]
[WhiteTeamCountry "GER"]
[BlackTeamCountry "GER"]

1. e4 c5 2. Nf3 Nc6 3. d4 cxd4 4. Nxd4 g6 5. c4 Bg7 6. Be3 d6 7. Nc3 Nf6 8. Be2
a5 9. O-O O-O 10. Qd2 Ng4 11. Bxg4 Bxg4 12. f3 Bd7 13. Nd5 Ne5 14. b3 Bc6 15.
Rad1 Ra6 16. Nb5 Bxd5 17. exd5 a4 18. Bd4 axb3 19. axb3 Qa5 20. Qb2 Qa2 21. Qc3
Bh6 22. f4 Nd7 23. Rf2 Qa5 24. Qh3 e5 25. dxe6 fxe6 26. Qxh6 e5 27. fxe5 Rxf2
28. Bxf2 Nxe5 29. Bd4 Ra8 30. Nxd6 Rf8 31. Qe3 1-0

[Event "FBL 1"]
[Site "Deutschland"]
[Date "2012.10.06"]
[Round "1.5"]
[White "Kraus, Tanja"]
[Black "Sikorska, Dorota"]
[Result "1/2-1/2"]
[WhiteElo "1916"]
[BlackElo "1952"]
[PlyCount "57"]
[EventDate "2012.10.06"]
[WhiteTeam "Schachverein Wattenscheid 1930"]
[BlackTeam "SV Chemie Guben 1990"]
[WhiteTeamCountry "GER"]
[BlackTeamCountry "GER"]

1. e4 d6 2. d4 Nd7 3. Bc4 e6 4. Be3 Ngf6 5. Nc3 Nxe4 6. Nxe4 d5 7. Bd3 dxe4 8.
Bxe4 Nf6 9. Bd3 Nd5 10. Nf3 Nxe3 11. fxe3 a6 12. O-O Be7 13. Ne5 Bf6 14. Qh5
Qe7 15. Ng4 Bd7 16. Nxf6+ gxf6 17. Qf3 f5 18. Qxb7 O-O 19. Qf3 Kh8 20. Qf4 Bc6
21. e4 fxe4 22. Bxe4 Bxe4 23. Qxe4 Rab8 24. b3 Rb5 25. c4 Rg5 26. Rf2 c5 27. d5
e5 28. Raf1 f6 29. Kh1 1/2-1/2

[Event "FBL 1"]
[Site "Deutschland"]
[Date "2012.10.06"]
[Round "1.6"]
[White "Szewczuk, Mariola"]
[Black "Buechle, Regina"]
[Result "0-1"]
[WhiteElo "1908"]
[BlackElo "1977"]
[PlyCount "78"]
[EventDate "2012.10.06"]
[WhiteTeam "SV Chemie Guben 1990"]
[BlackTeam "Schachverein Wattenscheid 1930"]
[WhiteTeamCountry "GER"]
[BlackTeamCountry "GER"]

1. f4 d5 2. Nf3 g6 3. e3 Bg7 4. a3 c5 5. Bb5+ Bd7 6. Qe2 Qb6 7. Bxd7+ Nxd7 8.
Ra2 e6 9. b3 Ngf6 10. Bb2 O-O 11. O-O Rac8 12. Nc3 Rfd8 13. Nd1 a6 14. d3 Qc7
15. Ne5 b5 16. c4 bxc4 17. bxc4 Nb6 18. cxd5 exd5 19. Ng4 d4 20. e4 Nxg4 21.
Qxg4 c4 22. dxc4 Nxc4 23. f5 Nxb2 24. Rxb2 d3 25. f6 Bf8 26. a4 Rb8 27. Rxb8
Qxb8 28. Qg5 Qb4 29. e5 Re8 30. Kh1 Qd4 31. Re1 d2 32. Re2 Bc5 33. Re3 Qa1 34.
h4 Qxd1+ 35. Kh2 Bxe3 36. Qxe3 Qe1 37. Qh6 Qxe5+ 38. g3 Qe2+ 39. Kh3 Qf1+ 0-1

[Event "FBL 1"]
[Site "Deutschland"]
[Date "2012.10.07"]
[Round "2.1"]
[White "Schneider, Veronika"]
[Black "Wirths, Clara"]
[Result "1-0"]
[WhiteElo "2313"]
[BlackElo "2022"]
[PlyCount "113"]
[EventDate "2012.10.06"]
[WhiteTeam "Hamburger SK von 1830"]
[BlackTeam "Schachverein Wattenscheid 1930"]
[WhiteTeamCountry "GER"]
[BlackTeamCountry "GER"]

1. e4 c5 2. Nf3 Nc6 3. Bb5 d6 4. d4 cxd4 5. Qxd4 Bd7 6. Bxc6 Bxc6 7. Nc3 Nf6 8.
Bg5 Qb6 9. Qxb6 axb6 10. Bxf6 gxf6 11. Nd5 Bxd5 12. exd5 Ra5 13. c4 Rc5 14. Nd2
Bh6 15. b3 Bxd2+ 16. Kxd2 b5 17. Rhc1 bxc4 18. bxc4 Kd7 19. Rab1 Rb8 20. Rb4 e6
21. dxe6+ fxe6 22. Rc3 Rf5 23. Ke2 Re5+ 24. Kf1 Rh5 25. h3 Kc6 26. Rf3 Rh6 27.
a4 Ra8 28. Rfb3 Ra7 29. Re3 f5 30. Reb3 Rg6 31. Rb6+ Kc7 32. a5 e5 33. R6b5 Rg8
34. Rf3 f4 35. g3 fxg3 36. fxg3 Rg7 37. Kg2 Kc6 38. Rf6 Rd7 39. Rxe5 b6 40.
axb6 Kxb6 41. h4 Ra2+ 42. Kh3 Rc2 43. Re4 Kc6 44. h5 Rd2 45. Ref4 Re7 46. Rf7
Kd7 47. Kg4 Rde2 48. Kg5 Ke8 49. Rxe7+ Rxe7 50. Kh6 Kd7 51. g4 Kc6 52. g5 Kc5
53. g6 hxg6 54. hxg6 Re1 55. g7 Rg1 56. Rf5+ Kxc4 57. Rg5 1-0

[Event "FBL 1"]
[Site "Deutschland"]
[Date "2012.10.07"]
[Round "2.2"]
[White "Henrichs, Wenke"]
[Black "Hoolt, Sarah"]
[Result "0-1"]
[WhiteElo "2067"]
[BlackElo "2308"]
[PlyCount "94"]
[EventDate "2012.10.06"]
[WhiteTeam "Schachverein Wattenscheid 1930"]
[BlackTeam "Hamburger SK von 1830"]
[WhiteTeamCountry "GER"]
[BlackTeamCountry "GER"]

1. d4 Nf6 2. c4 c5 3. d5 e5 4. Nc3 d6 5. e4 Be7 6. Bd3 O-O 7. h3 Ne8 8. Nf3 Nd7
9. Qc2 a6 10. g4 Nc7 11. a4 Rb8 12. Be3 Re8 13. Rb1 a5 14. Qd2 Nf8 15. Ne2 Na6
16. Ng3 Nb4 17. Be2 Ng6 18. Kf1 Nf4 19. Nf5 Bxf5 20. gxf5 Bf6 21. Nh2 Bg5 22.
h4 Bxh4 23. Nf3 Bf6 24. Bxf4 exf4 25. Qxf4 Qe7 26. Nd2 Qe5 27. Qxe5 Bxe5 28.
Kg2 Bf4 29. Nb3 Rxe4 30. Kf3 Rbe8 31. Bf1 Bg5 32. Nxa5 R8e7 33. f6 Rf4+ 34. Kg3
Rxf6 35. Bh3 Nd3 36. Rhf1 Re4 37. Nxb7 Bh4+ 38. Kh2 Rxc4 39. b3 Rc2 40. a5 Bxf2
41. a6 Bd4+ 42. Kg3 Be5+ 43. Kh4 Rh6+ 44. Kg4 Ra2 45. Rf3 Nf2+ 46. Rxf2 Rxf2
47. a7 f5+ 0-1

[Event "FBL 1"]
[Site "Deutschland"]
[Date "2012.10.07"]
[Round "2.3"]
[White "Fuchs, Judith"]
[Black "Goihl, Mona"]
[Result "1-0"]
[WhiteElo "2292"]
[BlackElo "2095"]
[PlyCount "117"]
[EventDate "2012.10.06"]
[WhiteTeam "Hamburger SK von 1830"]
[BlackTeam "Schachverein Wattenscheid 1930"]
[WhiteTeamCountry "GER"]
[BlackTeamCountry "GER"]

1. e4 c5 2. Nf3 Nc6 3. d4 cxd4 4. Nxd4 g6 5. Nc3 Bg7 6. Be3 Nf6 7. Bc4 O-O 8.
Bb3 d6 9. f3 Bd7 10. Qd2 Nxd4 11. Bxd4 b5 12. a4 bxa4 13. Bxa4 a5 14. O-O Be6
15. Kh1 Bc4 16. Rfe1 e5 17. Bf2 Qc7 18. Bh4 Rfc8 19. Red1 Ra6 20. Rac1 h6 21.
Bxf6 Bxf6 22. Nd5 Bxd5 23. Qxd5 Qc5 24. Bb5 Rb6 25. Qxc5 Rxc5 26. c4 Rc8 27.
Ra1 Ra8 28. Ra4 Bg5 29. b4 Rbb8 30. bxa5 Rd8 31. a6 Be3 32. Bc6 Ra7 33. Bb7 Bd4
34. Ra5 Rd7 35. Rd5 Rc7 36. Rxd6 Rxc4 37. Rxg6+ fxg6 38. Bd5+ Kg7 39. Bxc4 Rc7
40. Bf1 Rc2 41. h3 Kf6 42. Bd3 Rc3 43. Kh2 Ra3 44. Bc4 Kg5 45. Kg3 Ra4 46. h4+
Kf6 47. Bd3 Ra3 48. Kh3 g5 49. h5 Ke7 50. Kg4 Ra2 51. Bf1 Kd6 52. Kf5 Kc7 53.
Kg6 Be3 54. Re1 Bd2 55. Rb1 Be3 56. Rb3 Bd4 57. Kxh6 Rf2 58. Rb7+ Kc8 59. Bc4
1-0

[Event "FBL 1"]
[Site "Deutschland"]
[Date "2012.10.07"]
[Round "2.4"]
[White "Solberg, Kirsten"]
[Black "Juergens, Vera"]
[Result "0-1"]
[WhiteElo "2002"]
[BlackElo "2288"]
[PlyCount "136"]
[EventDate "2012.10.06"]
[WhiteTeam "Schachverein Wattenscheid 1930"]
[BlackTeam "Hamburger SK von 1830"]
[WhiteTeamCountry "GER"]
[BlackTeamCountry "GER"]

1. e4 d5 2. exd5 Qxd5 3. d4 c6 4. Nc3 Qd6 5. Nf3 Bg4 6. Be2 Nf6 7. O-O e6 8.
Re1 Nbd7 9. g3 Bxf3 10. Bxf3 Nb6 11. Ne4 Nxe4 12. Bxe4 O-O-O 13. c3 Qc7 14. Qb3
Nd5 15. Qa4 a6 16. Bf3 h5 17. Qb3 h4 18. c4 hxg3 19. fxg3 Nf6 20. d5 Bc5+ 21.
Kg2 exd5 22. cxd5 Nxd5 23. Qc4 Qb6 24. Qg4+ Kb8 25. Bxd5 Rxd5 26. Qxg7 Rdh5 27.
h4 Ka7 28. Rb1 Qb4 29. Qc3 Rxh4 30. Qxb4 Rh2+ 31. Kf3 Bxb4 32. Re4 Bc5 33. Bf4
f5 34. Re2 Bd4 35. Be5 Bxe5 36. Rxe5 R8h5 37. a4 Rc2 38. b4 Rc3+ 39. Kf4 Rc4+
40. Kf3 Rg5 41. b5 axb5 42. axb5 c5 43. Re6 Rc3+ 44. Kf4 Rgxg3 45. b6+ Ka6 46.
Kxf5 Rcf3+ 47. Ke5 Re3+ 48. Kd6 Rxe6+ 49. Kxe6 Rd3 50. Ke5 Rd4 51. Rb2 Ka5 52.
Rb1 Rb4 53. Rc1 Kxb6 54. Kd5 Rd4+ 55. Ke5 Kb5 56. Rb1+ Kc6 57. Rh1 Rd2 58. Rh6+
Kb5 59. Rh1 b6 60. Rb1+ Kc6 61. Rh1 c4 62. Rh4 Kc5 63. Rh8 b5 64. Ke4 c3 65.
Ke3 Kc4 66. Rc8+ Kb3 67. Rc5 b4 68. Rb5 Rd7 0-1

[Event "FBL 1"]
[Site "Deutschland"]
[Date "2012.10.07"]
[Round "2.5"]
[White "Schmidt, Jade"]
[Black "Kraus, Tanja"]
[Result "1-0"]
[WhiteElo "2114"]
[BlackElo "1916"]
[PlyCount "63"]
[EventDate "2012.10.06"]
[WhiteTeam "Hamburger SK von 1830"]
[BlackTeam "Schachverein Wattenscheid 1930"]
[WhiteTeamCountry "GER"]
[BlackTeamCountry "GER"]

1. d4 c5 2. d5 e6 3. c4 exd5 4. cxd5 d6 5. Nc3 Nf6 6. e4 Be7 7. Bd3 O-O 8. h3
b6 9. Nf3 Nbd7 10. Bf4 Bb7 11. O-O a6 12. a4 Re8 13. Bc4 Bf8 14. Re1 Nh5 15.
Bh2 Qf6 16. e5 dxe5 17. Ne4 Qh6 18. Nfg5 Be7 19. Nxf7 Kxf7 20. d6+ Kf8 21.
dxe7+ Rxe7 22. Nd6 Bc6 23. Nf5 Qg6 24. Qg4 Ree8 25. Qxg6 hxg6 26. Nh4 Ke7 27.
Nxg6+ Kf6 28. Nh4 Nf4 29. Rad1 g5 30. Rd6+ Ne6 31. Ng6 Kxg6 32. Bxe6 1-0

[Event "FBL 1"]
[Site "Deutschland"]
[Date "2012.10.07"]
[Round "2.6"]
[White "Buechle, Regina"]
[Black "Rogozenco, Teodora"]
[Result "1/2-1/2"]
[WhiteElo "1977"]
[BlackElo "1706"]
[PlyCount "74"]
[EventDate "2012.10.06"]
[WhiteTeam "Schachverein Wattenscheid 1930"]
[BlackTeam "Hamburger SK von 1830"]
[WhiteTeamCountry "GER"]
[BlackTeamCountry "GER"]

1. d4 Nf6 2. Nf3 g6 3. c4 Bg7 4. Nc3 O-O 5. e4 d6 6. Be2 e5 7. dxe5 dxe5 8. O-O
Nbd7 9. h3 c6 10. Be3 Qe7 11. Qc2 Nh5 12. Ne1 Nf4 13. Bg4 Ne6 14. Bxe6 Qxe6 15.
c5 f5 16. f3 f4 17. Bf2 Qe7 18. Nd3 Bf6 19. Rfd1 Bh4 20. Bxh4 Qxh4 21. b4 Qe7
22. Ne2 Nf6 23. Nb2 a5 24. a3 Be6 25. Nc4 Bxc4 26. Qxc4+ Kg7 27. Ra2 Rfd8 28.
Rad2 Rxd2 29. Rxd2 Rd8 30. Qc3 Rxd2 31. Qxd2 Qd7 32. Qxd7+ Nxd7 33. Nc1 axb4
34. axb4 b5 35. cxb6 Nxb6 36. Nd3 Kf6 37. Kf2 g5 1/2-1/2

[Event "FBL 1"]
[Site "Deutschland"]
[Date "2012.10.07"]
[Round "2.1"]
[White "Wagener, Anna"]
[Black "Ohme, Melanie"]
[Result "1-0"]
[WhiteElo "2254"]
[BlackElo "2337"]
[PlyCount "95"]
[EventDate "2012.10.06"]
[WhiteTeam "Karlsruher SF 1853"]
[BlackTeam "SF 1891 Friedberg"]
[WhiteTeamCountry "GER"]
[BlackTeamCountry "GER"]

1. e4 c5 2. Nf3 d6 3. d4 cxd4 4. Qxd4 a6 5. c4 Nc6 6. Qd2 g6 7. b3 Bg7 8. Bb2
Nf6 9. Nc3 O-O 10. h3 Qa5 11. Bd3 b5 12. Nd5 Qxd2+ 13. Nxd2 Nxd5 14. Bxg7 Kxg7
15. cxd5 Nb4 16. Bb1 a5 17. a3 Na6 18. Bd3 Bd7 19. Ke2 e6 20. dxe6 fxe6 21.
Rhc1 Nc5 22. e5 Rac8 23. f3 dxe5 24. b4 axb4 25. axb4 Na4 26. Ne4 Rfd8 27. Nd6
Rc6 28. Nxb5 Nb2 29. Nc3 Rb6 30. Ra7 Nxd3 31. Kxd3 Rxb4 32. Ne4 Rd4+ 33. Ke3
Kf7 34. Rcc7 Ke7 35. Nc5 Ke8 36. Ne4 Ke7 37. g4 h6 38. h4 Rd1 39. g5 h5 40. Nf6
Rd4 41. Ne4 Ke8 42. f4 Ke7 43. fxe5 Rd5 44. Nf6 Rd1 45. Ke2 Rd4 46. Rcb7 Rd5
47. Nxd5+ exd5 48. Rb6 1-0

[Event "FBL 1"]
[Site "Deutschland"]
[Date "2012.10.07"]
[Round "2.2"]
[White "Levushkina, Elena"]
[Black "Schmidt, Jessica"]
[Result "1/2-1/2"]
[WhiteElo "2301"]
[BlackElo "2273"]
[PlyCount "83"]
[EventDate "2012.10.06"]
[WhiteTeam "SF 1891 Friedberg"]
[BlackTeam "Karlsruher SF 1853"]
[WhiteTeamCountry "GER"]
[BlackTeamCountry "GER"]

1. e4 e5 2. Nc3 d6 3. g3 c5 4. Bg2 Nc6 5. d3 Nf6 6. Nge2 Be7 7. O-O Rb8 8. a4
a6 9. Nd5 Nxd5 10. exd5 Nd4 11. c3 Nxe2+ 12. Qxe2 O-O 13. Be3 b5 14. axb5 axb5
15. f4 exf4 16. Bxf4 Bf6 17. Bd2 b4 18. Qf2 bxc3 19. Bxc3 Bxc3 20. bxc3 Qc7 21.
Rae1 Bg4 22. Re3 Bh5 23. Be4 Qa5 24. c4 Qc3 25. Qf5 Bg6 26. Qf4 Bxe4 27. Qxe4
h6 28. Qf3 Rb2 29. Re7 Qc2 30. Rf2 Qb1+ 31. Rf1 Qc2 32. Rf2 Qb1+ 33. Kg2 Rxf2+
34. Kxf2 Qb2+ 35. Re2 Qd4+ 36. Qe3 Qf6+ 37. Qf3 Qd4+ 38. Qe3 Qf6+ 39. Kg2 Rb8
40. Qf4 Qg6 41. Qe4 Qg5 42. Qf4 1/2-1/2

[Event "FBL 1"]
[Site "Deutschland"]
[Date "2012.10.07"]
[Round "2.3"]
[White "Heinatz, Gundula"]
[Black "Nikolova, Adriana"]
[Result "1/2-1/2"]
[WhiteElo "2197"]
[BlackElo "2292"]
[PlyCount "111"]
[EventDate "2012.10.06"]
[WhiteTeam "Karlsruher SF 1853"]
[BlackTeam "SF 1891 Friedberg"]
[WhiteTeamCountry "GER"]
[BlackTeamCountry "GER"]

1. d4 d5 2. Nf3 Nf6 3. c4 c6 4. Qc2 dxc4 5. Qxc4 Bf5 6. g3 e6 7. Bg2 Nbd7 8.
O-O Be7 9. Nc3 O-O 10. a3 Ne4 11. Be3 Nxc3 12. bxc3 Be4 13. Nd2 b5 14. Qb3 Bxg2
15. Kxg2 Nb6 16. h4 Qd5+ 17. Qxd5 cxd5 18. Rfb1 a6 19. Rb3 Rfc8 20. Bg5 f6 21.
Bf4 Rc6 22. e4 Rac8 23. Rc1 dxe4 24. Nxe4 Nc4 25. Ra1 Nb6 26. Bd2 h6 27. f3 Nd5
28. Rc1 Kf7 29. Kf1 Ke8 30. Ke2 Rc4 31. g4 Kd7 32. Kd3 Ra4 33. Ra1 Nb6 34. Rb4
f5 35. gxf5 exf5 36. Nc5+ Bxc5 37. dxc5 Rxc5 38. Be3 Rd5+ 39. Bd4 g6 40. Ra2
Kc6 41. f4 a5 42. Rxa4 Nxa4 43. h5 Nc5+ 44. Ke3 gxh5 45. Rh2 Nb3 46. Rxh5 Nxd4
47. cxd4 b4 48. axb4 axb4 49. Rxh6+ Rd6 50. Rh8 Kc7 51. Kd3 Rb6 52. Rh7+ Kc8
53. Rh2 Kd7 54. Rh7+ Kc8 55. Rh2 Kc7 56. Rh7+ 1/2-1/2

[Event "FBL 1"]
[Site "Deutschland"]
[Date "2012.10.07"]
[Round "2.4"]
[White "Bulmaga, Irina"]
[Black "Kiefhaber, Veronika"]
[Result "1-0"]
[WhiteElo "2386"]
[BlackElo "2229"]
[PlyCount "79"]
[EventDate "2012.10.06"]
[WhiteTeam "SF 1891 Friedberg"]
[BlackTeam "Karlsruher SF 1853"]
[WhiteTeamCountry "GER"]
[BlackTeamCountry "GER"]

1. e4 c5 2. Nf3 g6 3. d4 cxd4 4. Nxd4 Nc6 5. Nc3 Bg7 6. Be3 Nf6 7. f3 O-O 8.
Nb3 d5 9. exd5 Nb4 10. Qd2 Nfxd5 11. Nxd5 Nxd5 12. O-O-O Be6 13. Bc4 Nc7 14.
Bxe6 Nxe6 15. Qd7 Qb8 16. Qb5 a6 17. Qa5 Rc8 18. g3 Qc7 19. Qxc7 Rxc7 20. f4
Rac8 21. Rd2 Bf6 22. g4 Rc4 23. Rf1 Ra4 24. Kb1 Re4 25. Rd3 Rec4 26. c3 b5 27.
Nd2 R4c7 28. Ne4 Bg7 29. f5 Nd8 30. Bb6 Rc4 31. Nd2 Nc6 32. Nxc4 bxc4 33. Re3
Ne5 34. h3 Nd3 35. a4 Bf6 36. a5 Kg7 37. Re4 Rc6 38. Kc2 h6 39. Ra1 Ne5 40. Ra4
1-0

[Event "FBL 1"]
[Site "Deutschland"]
[Date "2012.10.07"]
[Round "2.5"]
[White "Lauterbach, Ingrid"]
[Black "Daulyte, Deimante"]
[Result "0-1"]
[WhiteElo "2143"]
[BlackElo "2216"]
[PlyCount "164"]
[EventDate "2012.10.06"]
[WhiteTeam "Karlsruher SF 1853"]
[BlackTeam "SF 1891 Friedberg"]
[WhiteTeamCountry "GER"]
[BlackTeamCountry "GER"]

1. e4 d5 2. exd5 Nf6 3. Bb5+ Bd7 4. Bxd7+ Nbxd7 5. c4 c6 6. dxc6 bxc6 7. d4 e5
8. Nf3 e4 9. Qe2 Bb4+ 10. Bd2 Qe7 11. Bxb4 Qxb4+ 12. Nc3 O-O 13. Ne5 Nxe5 14.
dxe5 Nd7 15. O-O Nxe5 16. Qxe4 Rfe8 17. Qc2 Qxc4 18. Rae1 Nd3 19. Rxe8+ Rxe8
20. b3 Qd4 21. Ne2 Qe4 22. Ng3 Qd5 23. Rd1 Re1+ 24. Nf1 Rxd1 25. Qxd1 f5 26.
Ne3 Qe4 27. Qc2 Kf8 28. g3 c5 29. h4 Kf7 30. Qc3 f4 31. Nc4 Ke6 32. gxf4 Nxf4
33. Qe3 Qxe3 34. fxe3 Ne2+ 35. Kf2 Nc1 36. e4 Nxa2 37. Ke3 Nb4 38. Na5 Kd6 39.
Nb7+ Kc6 40. Nd8+ Kd7 41. Nb7 Na6 42. Kd3 Kc7 43. Na5 Nb4+ 44. Kc3 Nc6 45. Nc4
Kd7 46. Ne3 Ne5 47. h5 g6 48. hxg6 hxg6 49. b4 Kc6 50. Nd5 g5 51. Ne7+ Kb5 52.
bxc5 Kxc5 53. Nf5 Nc6 54. Ne3 Nd4 55. Ng4 a5 56. Nf6 Ne2+ 57. Kd3 Nf4+ 58. Kc3
a4 59. Nd7+ Kb5 60. Nf6 Ne2+ 61. Kb2 Nd4 62. e5 Ne6 63. Ka3 Nc5 64. Ng4 Kc6 65.
Nf6 Kb5 66. Ng4 Ne6 67. Nf6 Ka5 68. Ng4 Nd4 69. Ne3 Nb5+ 70. Kb2 Kb6 71. e6 Kc6
72. Nc4 a3+ 73. Kb3 Nd4+ 74. Kxa3 Nxe6 75. Kb4 Kd5 76. Ne3+ Ke4 77. Ng4 Kf4 78.
Nh6 Nd4 79. Kc3 Nf5 80. Ng8 Ke5 81. Kd2 Ke6 82. Kd3 Kf7 0-1

[Event "FBL 1"]
[Site "Deutschland"]
[Date "2012.10.07"]
[Round "2.6"]
[White "Genova, Lyubka"]
[Black "Brendel, Bergit"]
[Result "1-0"]
[WhiteElo "2276"]
[BlackElo "2094"]
[PlyCount "53"]
[EventDate "2012.10.06"]
[WhiteTeam "SF 1891 Friedberg"]
[BlackTeam "Karlsruher SF 1853"]
[WhiteTeamCountry "GER"]
[BlackTeamCountry "GER"]

1. e4 Nf6 2. e5 Nd5 3. d4 d6 4. c4 Nb6 5. exd6 exd6 6. Nc3 Nc6 7. Be3 Be7 8. b3
Bf6 9. Rc1 O-O 10. Nf3 Bg4 11. Be2 d5 12. c5 Nc8 13. h3 Bxf3 14. Bxf3 N8e7 15.
g4 g6 16. Qd2 Re8 17. Kf1 b6 18. Ne2 Na5 19. Kg2 c6 20. h4 h5 21. Bg5 Bxg5 22.
hxg5 hxg4 23. Bxg4 Kg7 24. Qf4 Nf5 25. Bxf5 Rxe2 26. Bd3 Re8 27. Rh7+ 1-0

[Event "FBL 1"]
[Site "Deutschland"]
[Date "2012.10.07"]
[Round "2.1"]
[White "Zatonskih, Anna"]
[Black "Foisor, Cristina Adela"]
[Result "1-0"]
[WhiteElo "2512"]
[BlackElo "2398"]
[PlyCount "83"]
[EventDate "2012.10.06"]
[WhiteTeam "OSG Baden Baden"]
[BlackTeam "SF Deizisau"]
[WhiteTeamCountry "GER"]
[BlackTeamCountry "GER"]

1. d4 Nf6 2. c4 g6 3. Nc3 Bg7 4. e4 d6 5. Nf3 O-O 6. Be2 c5 7. O-O cxd4 8. Nxd4
Nc6 9. Be3 Bd7 10. Qd2 Nxd4 11. Bxd4 Bc6 12. f3 a5 13. b3 Nd7 14. Be3 Nc5 15.
Rab1 f5 16. exf5 Rxf5 17. Rbd1 Qb6 18. Nb5 Rf7 19. Rfe1 Re8 20. a3 Bxb5 21.
cxb5 Qc7 22. Bc4 e6 23. Qxd6 Bf8 24. Qxc7 Rxc7 25. Kf1 Kf7 26. Rd4 h5 27. b4
axb4 28. axb4 Na4 29. b6 Rce7 30. Bg5 Nxb6 31. Rf4+ Kg8 32. Bxe7 Rxe7 33. Rxe6
Nxc4 34. Rxe7 Nd2+ 35. Ke2 Bxe7 36. Kxd2 Bg5 37. Ke3 Kg7 38. h4 Bh6 39. Ke4 b5
40. g3 Bxf4 41. Kxf4 Kf6 42. g4 1-0